000 00790pam a2200265 a 4500
001 12159
003 BD-RjUL
005 20211208235239.0
008 140128s1997 caua b 001 0 eng
020 _a0805305327
035 _a(BD-RjUL)12208
040 _aDLC
_cDLC
_dDLC
_dBD-RjUL
_beng
041 _aeng
082 0 0 _a579
_223
_bALF 1997
100 1 _aAlcamo, I. Edward.
_937653
245 1 0 _aFundamentals of microbiology /
_cI. Edward Alcamo.
250 _a5th ed.
260 _aMenlo Park, Calif. :
_bBenjamin Cummings,
_cc1997.
300 _axxiii, 877 p. :
_bill. ;
_c29 cm.
504 _aIncludes bibliographical references (p. 815-824) and index.
650 0 _aMicrobiology.
_937402
650 0 _aMedical microbiology.
_937654
942 _2ddc
_cBK
999 _c12159
_d12159